MARC details
| 000 -CABECERA |
| campo de control de longitud fija |
00869nam a2200217 a 4500 |
| 001 - NÚMERO DE CONTROL |
| campo de control |
000043849 |
| 005 - FECHA Y HORA DE LA ÚLTIMA TRANSACCIÓN |
| campo de control |
20201002045014.0 |
| 008 - DATOS DE LONGITUD FIJA--INFORMACIÓN GENERAL |
| campo de control de longitud fija |
140507s1988 sp ac 000 0 spa d |
| 020 ## - NÚMERO INTERNACIONAL ESTÁNDAR DEL LIBRO |
| Número Internacional Estándar del Libro |
842060366X |
| 040 ## - FUENTE DE LA CATALOGACIÓN |
| Centro catalogador/agencia de origen |
DO-SdBNP |
| Lengua de catalogación |
spa |
| Centro/agencia transcriptor |
BNPHU |
| 082 ## - NÚMERO DE LA CLASIFICACIÓN DECIMAL DEWEY |
| Número de clasificación |
xxxx |
| Número de documento/Ítem |
xxxx |
| 100 1# - ENTRADA PRINCIPAL--NOMBRE DE PERSONA |
| Nombre de persona |
Gardner, Martin, |
| Fechas asociadas al nombre |
1914-2010 |
| 9 (RLIN) |
71711 |
| 240 10 - TÍTULO UNIFORME |
| Título uniforme |
Science, good, bad and bogus |
| Lenguaje de la obra |
Español |
| 245 13 - MENCIÓN DE TÍTULO |
| Título |
La ciencia, lo bueno, lo malo y lo falso / |
| Mención de responsabilidad, etc. |
Martin Gardner ; traductor Natividad Sánchez Sáinz-Trápaga. |
| 260 ## - PUBLICACIÓN, DISTRIBUCIÓN, ETC. |
| Lugar de publicación, distribución, etc. |
Madrid : |
| Nombre del editor, distribuidor, etc. |
Alianza, |
| Fecha de publicación, distribución, etc. |
1988. |
| 300 ## - DESCRIPCIÓN FÍSICA |
| Extensión |
636 p. : |
| Otras características físicas |
il., retrs. ; |
| Dimensiones |
18 cm. |
| 490 1# - MENCIÓN DE SERIE |
| Mención de serie |
El libro de bolsillo |
| -- |
sección ciencia y técnica |
| Designación de volumen o secuencia |
1366 |
| 500 ## - NOTA GENERAL |
| Nota general |
Incluye referencias bibliográficas y notas al pie de las páginas |
| 700 12 - PUNTO DE ACCESO ADICIONAL--NOMBRE DE PERSONA |
| Nombre de persona |
Sánchez Sáinz-Trápaga, Natividad |
| Término indicativo de función/relación |
tr. |
| 9 (RLIN) |
51556 |
| 830 #0 - PUNTO DE ACCESO ADICIONAL DE SERIE-TÍTULO UNIFORME |
| Título uniforme |
El libro de bolsillo ; |
| Nombre de parte o sección de la obra |
sección ciencia y técnica |
| Número de parte o sección de la obra |
1366 |
| 9 (RLIN) |
71712 |